00821nam a22002297a 45000010005000000030006000050050017000110080041000280400029000690500010000980820008001081000039001162450114001552600036002693000056003055050007003615200118003685210027004865210018005136500038005317000022005698952FISKH20251111095223.0251111b cb ||||| |||| 00| 0 eng d aFISKHbengcFISKHdFISKH aAG195 a030 aSmith, Kathie Billingslea eAuthor aWhy? :bA question book from discovery toys /cBy Kathie Billingslea Smith ; Illustrated by Robert S. Storms  aMartinez :bOttenheimer ,c1985 a24 unnumbered pages :bcolor illustrations ;c21 cm aG  aProvides the answers to common questions concerning subjects such as gravity, bees, baldness, tides, and the moon8 a400 bLexile estimate 8 aG bRaz-Plus  aScience nonfictionvQuestion book aStorms, Robert S.